000 01119nam a2200289Ia 4500
999 _c4301
_d4301
003 OSt
005 20200401102203.0
008 191128s2017 ck gr 000 0 spa d
020 _a9789585624429
040 _aCO-JMCR
_cCO-JMCR
041 0 _aspa
082 0 4 _a070.442 /
_bR696a
100 1 _aRodríguez, Carlos,
_e autor
_91275
245 1 2 _aA falta de un animal /
_cCarlos Rodríguez ; coordinador Juan Álvarez, Juan Cárdenas, Elizabeth Valenzuela
260 _aBogotá :
_bMinisterio de Ambiente y Desarrollo Sostenible,
_c2017
300 _a14 páginas ;
_c21 cm.
490 0 _aMaletín de relatos pacíficos
650 1 4 _aLiteratura colombiana
_ySiglo XXI
_91276
650 2 4 _aPoesía colombiana
_ySiglo XXI
_91277
650 2 4 _aCuentos colombianos
_ySiglo XXI
_91278
650 2 4 _aNovela colombiana
_ySiglo XXI
_91279
700 1 _aÁlvarez, Juan,
_ecoordinador
_91264
700 1 _aCárdenas, Juan,
_ecoordinador
_91268
700 1 _aValenzuela, Elizabeth,
_ecoordinador
_91269
799 _aÁlvarez, Juan, coordinador Cárdenas, Juan, coordinador Valenzuela, Elizabeth, coordinador
942 _2ddc
_cBK